| Поле | Инд. | ПП | Название | Значение |
|---|---|---|---|---|
| Тип записи | a | |||
| Библиографический уровень | a | |||
| 001 | Контрольный номер | 7d43873a84364e28bb913f8b3201c62d | ||
| 005 | Дата корректировки | 20190127081243.2 | ||
| 100 | a | Данные общей обработки | 20181221 ||| 0rusy0189 ca | |
| 101 | 0_ | a | Язык текста | rus |
| 102 | a | Страна публикации | RU | |
| 200 | 1_ | f | Первые сведения об ответственности | М.Р. Загидуллин |
| a | Заглавие | Вопросы юридической ответственности при защите общих интересов в гражданском, арбитражном и административном процессе | ||
| b | Общее обозначение материала | Текст | ||
| 210 | 1_ | d | Дата издания | 2018 |
| 461 | _0 | 1 | 2000 | |
| a | Администратор суда | |||
| 463 | _0 | 1 | 2000 | |
| a | № 4 | |||
| v | С. 17-22 | |||
| 1 | 2101 | |||
| d | 2018 | |||
| 1 | 001d4d92a3591774530a2198efc03fad734 | |||
| 606 | a | Основная рубрика | Гражданское процессуальное право | |
| 610 | 0_ | a | Ключевые слова | ГРАЖДАНСКИЙ ПРОЦЕСС |
| a | Ключевые слова | АРБИТРАЖНЫЙ ПРОЦЕСС | ||
| a | Ключевые слова | АДМИНИСТРАТИВНЫЙ ПРОЦЕСС | ||
| a | Ключевые слова | ЮРИДИЧЕСКАЯ ОТВЕТСТВЕННОСТЬ | ||
| a | Ключевые слова | ИНТЕРЕС | ||
| a | Ключевые слова | ЗАЩИТА ПРАВ И СВОБОД | ||
| 700 | _1 | a | Фамилия | Загидуллин |
| b | Имя | М.Р. | ||
| 801 | _0 | a | Страна | RU |
| b | Организация | РГУП | ||
| c | Дата составления | 20181221 | ||
| g | Правила каталогизации | PSBO | ||
| 801 | _1 | a | Страна | RU |
| b | Организация | РГУП | ||
| c | Дата составления | 20181221 | ||
| g | Правила каталогизации | PSBO | ||
| 901 | t | Тип документа | b | |
| w | Контрольный № источника | d4d92a3591774530a2198efc03fad734 | ||
| 905 | a | Дата ввода | 20181221 |